Ταξίδια...στον κόσμο, τη μνήμη και τη φαντασία

Αποθηκεύτηκε σε:
Λεπτομέρειες βιβλιογραφικής εγγραφής
Μορφή: Βιβλίο
Γλώσσα:Greek
Δημοσίευση: Σάμος : Υπερόριος, [2004;]
Σειρά:Ελληνική λογοτεχνία (Υπερόριος) 3
Θέματα:
Ετικέτες: Προσθήκη ετικέτας
Δεν υπάρχουν, Καταχωρήστε ετικέτα πρώτοι!

MARC

LEADER 00000cam a2200000 i 4500
001 1/70835
008 050222s gr | ||| |||| ||gre||
020 |a 9608805627 
035 |l 10076349 
040 |a GR-MY-UA  |b gre  |e aacr 
041 0 |a gre 
082 7 |a 889.308   |2 (21) 
245 0 0 |a Ταξίδια...στον κόσμο, τη μνήμη και τη φαντασία /   |c 46 σαμιώτες πεζογράφοι. 
260 |a Σάμος :   |b Υπερόριος,   |c [2004;] 
300 |a 558 σ. :   |b εικ. ;   |c 24 εκ. 
490 1 |a (Ελληνική λογοτεχνία / Υπερόριος ;   |v  3) 
504 |a Περιέχει βιογραφικά σημειώματα.  
650 0 0 |a Litterateurs  |z Greece  |z Samos (Municipality) 
650 0 0 |a Greek literature  |z Greece  |z Samos (Municipality) 
650 0 0 |a Greek literature, Modern  |z Greece  |z Samos (Municipality) 
651 0 |a Samos (Greece : Municipality)  |x Social life and customs. 
830 0 |a Ελληνική λογοτεχνία (Υπερόριος)   |v  3 
852 |a INST  |b SAMOS  |e 20050222  |h 889.308 ΤΑΞ  |p 005300025443  |q 005300025443  |t BK  |y 0 
901 |a BIBL3-2005-1 
909 |a Σ  |b 114251 
922 |a 3ΕΛΗ  |b 200503  |c ΚΥΒ/ΒΙΒΛΙΟΘΗΚΗ  |d ΠΑΠΑΓΕΩΡΓΙΟΥ 
950 |a 127-2004-11-04 
970 |a ΜΑΛΑΓΑΡΗ  |b ΦΩΤΕΙΝΗ  |z 2005/03/08